Central Library OPAC University of Rajshahi

Quadratic programming : (Record no. 50504)

MARC details
000 -LEADER
fixed length control field 00872nam a2200265 a 4500
001 - CONTROL NUMBER
control field 50504
003 - CONTROL NUMBER IDENTIFIER
rucl marc code BD-RJUL
005 - DATE AND TIME OF LATEST TRANSACTION
control field 20211209075523.0
008 - FIXED-LENGTH DATA ELEMENTS--GENERAL INFORMATION
fixed length control field 160827s1964 ne a 001 0 eng
035 ## - SYSTEM CONTROL NUMBER
System control number (BD-RJUL)50624
040 ## - CATALOGING SOURCE
Original cataloging agency DLC
Transcribing agency WSU
Modifying agency SER
-- BD-RJUL
Language of cataloging eng
041 ## - LANGUAGE CODE
Language code of text/sound track or separate title eng
082 ## - DEWEY DECIMAL CLASSIFICATION NUMBER
Edition number 23
Classification number 519.7
Author mark and year BOQ 1964
090 ## - LOCALLY ASSIGNED LC-TYPE CALL NUMBER (OCLC); LOCAL CALL NUMBER (OCLC)
Classification number (OCLC) (R) ; Classification number, CALL (RLIN) (NR) QA264
Local cutter number (OCLC) ; Book number/undivided call number, CALL (RLIN) .B725
099 ## - LOCAL FREE-TEXT CALL NUMBER (OCLC)
Bangla Class number QA264.B725
100 10 - MAIN ENTRY--PERSONAL NAME
Personal name Boot, John C. G.
Dates associated with a name 1936-
9 (RLIN) 131766
245 10 - TITLE STATEMENT
Title Quadratic programming :
Remainder of title algorithms, anomalies [and] applications /
Statement of responsibility, etc. John C G Boot
260 ## - PUBLICATION, DISTRIBUTION, ETC. (IMPRINT)
Place of publication, distribution, etc. Amsterdam :
Name of publisher, distributor, etc. North-Holland Pub. Co.,
Date of publication, distribution, etc. 1964
300 ## - PHYSICAL DESCRIPTION
Pagination viii, 213 p. :
Illustrations ill. ;
Size 23 cm.
490 1# - SERIES STATEMENT
Series statement Studies in mathematical and managerial economics,
Volume/sequential designation v.2
500 ## - GENERAL NOTE
General note Include index
650 #0 - SUBJECT ADDED ENTRY--TOPICAL TERM
Topical term or geographic name as entry element Programming (Mathematics)
9 (RLIN) 151288
830 #0 - SERIES ADDED ENTRY--UNIFORM TITLE
Uniform title Studies in mathematical and managerial economics ;
Volume number/sequential designation v. 2.
942 ## - ADDED ENTRY ELEMENTS (KOHA)
Source of classification or shelving scheme Dewey Decimal Classification
Koha item type Books
Holdings
Lost status Source of classification or shelving scheme Damaged status Not for loan Collection code Permanent Location Current Location Shelving location Date acquired Source of acquisition Cost, normal purchase price Total Checkouts Full call number Date last seen Copy number Koha item type
  Dewey Decimal Classification     Non-fiction Central Library, University of Rajshahi Central Library, University of Rajshahi   29/04/1969 Book center Lohore 45.00   519.7 BOQ 1964 27/08/2016 C-2 Books